The complexity of planning reform (Record no. 81440)

MARC details
000 -LEADER
fixed length control field 01485cab a22002655a 4500
001 - CONTROL NUMBER
control field L147224
008 - FIXED-LENGTH DATA ELEMENTS--GENERAL INFORMATION
fixed length control field 090417s2008 xxk f 000 0 eng d
035 ## - SYSTEM CONTROL NUMBER
System control number (Sirsi) u147224
041 0# - LANGUAGE CODE
Language code of text/sound track or separate title eng
100 1# - MAIN ENTRY--PERSONAL NAME
Personal name Tewdwr-Jones, Mark
245 04 - TITLE STATEMENT
Title The complexity of planning reform
Remainder of title a search for the spirit and purpose of planning
260 ## - PUBLICATION, DISTRIBUTION, ETC.
Date of publication, distribution, etc. 2008
490 #0 - SERIES STATEMENT
Series statement Town and Country Planning Review
Volume/sequential designation 79(6) 2008, 673-688(16)
520 ## - SUMMARY, ETC.
Summary, etc. Reveals that the UK planning system has changed beyond all recognition since 1997, broadening out from its regulatory core to include co-ordinating the spatial aspects of a range of policy agendas at both the local and regional levels, and providing a mediation forum. Charts the evolution of planning reform, and finds that the reformed planning system reflects both continuity and change from the past and that planning is no longer a single entity, but a fluid and adaptable process. Concludes that planning has been strengthened, but within an increasingly complex environment.
590 ## - LOCAL NOTE (RLIN)
Local note KA
650 24 - SUBJECT ADDED ENTRY--TOPICAL TERM
Topical term or geographic name entry element TOWN AND COUNTRY PLANNING ACT 1947
650 24 - SUBJECT ADDED ENTRY--TOPICAL TERM
Topical term or geographic name entry element TOWARDS AN URBAN RENAISSANCE
650 24 - SUBJECT ADDED ENTRY--TOPICAL TERM
Topical term or geographic name entry element PLANNING AND COMPULSORY PURCHASE ACT 2004
650 24 - SUBJECT ADDED ENTRY--TOPICAL TERM
Topical term or geographic name entry element PLANNING ACT 2008
650 24 - SUBJECT ADDED ENTRY--TOPICAL TERM
Topical term or geographic name entry element LOCAL DEMOCRACY, ECONOMIC DEVELOPMENT AND CONSTRUCTION BILL 2008
650 24 - SUBJECT ADDED ENTRY--TOPICAL TERM
Topical term or geographic name entry element PLANNING BILL 2007-08
651 #4 - SUBJECT ADDED ENTRY--GEOGRAPHIC NAME
Geographic name England and Wales
Chronological subdivision 1543-
690 ## - LOCAL SUBJECT ADDED ENTRY--TOPICAL TERM (OCLC, RLIN)
Topical term or geographic name as entry element ENVIRONMENTAL AND LAND CONSULTANCY-PLANNING AND DEVELOPMENT-PLANNING REFORM
942 ## - ADDED ENTRY ELEMENTS (KOHA)
Suppress in OPAC 0
Holdings
Withdrawn status Lost status Source of classification or shelving scheme Damaged status Not for loan Home library Current library Shelving location Date acquired Total Checkouts Full call number Barcode Date last seen Copy number Price effective from Koha item type
    Dewey Decimal Classification     London London Journal article 17/04/2009   L147224 147224-1001 06/08/2019 1 06/08/2019 Journal article